[Event "5th Nebesna Sotnya Blitz 2018"]
[Site "Lutsk"]
[Date "2018.02.16"]
[Round "13"]
[White "Sergeev, Vladimir"]
[Black "Buksa, Nataliya"]
[Result "1/2-1/2"]
[WhiteElo "2414"]
[BlackElo "2357"]
[Annotator "TA"]
[PlyCount "150"]
[EventDate "2018.??.??"]
[EventType "swiss"]
[EventCountry "UKR"]
[SourceTitle "playchess.com"]
[Source "ChessBase"]
[SourceQuality "1"]

{[%evp 18,150,22,10,12,-2,-4,-22,-18,-13,-13,-105,0,-29,-10,-20,7,0,22,28,37,19,31,27,103,108,139,139,196,101,106,97,103,0,0,0,0,0,0,0,0,0,0,0,0,0,0,0,0,0,0,0,0,0,0,0,0,0,0,0,0,0,0,0,-8,-98,-98,-98,-19,-98,0,-8,0,-36,-1,-1,-1,-2,-8,-8,0,0,0,0,0,0,0,0,0,0,0,0,0,0,0,0,0,0,0,0,0,0,0,0,0,0,0,0,0,0,0,0,0,0,0,0,0,0,0,0,0,0,0,-8,0,0,0,0,0,-159,-159,-183,0,-190,0]} 1. d4 d5 2. Bf4 Nf6 3. e3 e6 4. Nf3 c5 5. c3 Nc6 6. Nbd2 cxd4 7. exd4 {D02: 1 d4 d5 2 Nf3 sidelines, including 2...Nf6 3 g3 and 2...Nf6 3 Bf4} Nh5 8. Be3 Bd6 9. Ne5 (9. Bd3 Nf4 10. Bxf4 Bxf4 11. O-O O-O 12. Re1 Bd7 13. Ne5 Nxe5 14. dxe5 g6 {1-0 (104) Vidit,S (2715)-Aronian,L (2805) Riadh 2017}) 9... g6 10. Nd3 {LiveBook: 5 Games} O-O 11. Be2 Ng7 12. Bh6 $146 ({Find the theoretical novelty and annotate with similar games:} 12. O-O Qc7 13. g3 Nf5 14. Bf4 b6 {½-½ (55) Nguyen,N (2629)-Ganguly,S (2668) Doha 2016}) 12... Re8 13. Bxg7 Kxg7 14. Nf3 (14. O-O $11 {keeps the balance.}) 14... b5 (14... f6 $1 $17 15. Nc1 a5) 15. a3 Rb8 16. h4 h5 17. O-O Be7 18. g3 Bf6 19. Re1 a5 20. b4 (20. Nde5 {NOTEXT} Bd7 21. Qd2 Nxe5 22. dxe5 Be7 23. Qf4) 20... e5 (20... Re7 $11 {remains equal.}) 21. dxe5 $16 Nxe5 22. Ndxe5 Bxe5 {[#]} (22... Rxe5 $16 {was worth a try.} 23. Nxe5 Bxe5) 23. Nxe5 (23. Bxb5 $1 $18 {[%mdl 512]} Rxb5 24. Rxe5 (24. Nxe5 Qf6 $16)) 23... Rxe5 24. Qd4 Qf6 25. Rad1 ({White should try} 25. bxa5 $16 Bf5 26. Bf1 Rxe1 27. Rxe1) 25... axb4 $11 26. axb4 Be6 27. Bd3 Rxe1+ 28. Rxe1 Qxd4 29. cxd4 {[%mdl 4096] Endgame KRB-KRB} Rc8 30. Rb1 Bf5 31. Bxf5 gxf5 {KR-KR} 32. Re1 Rc4 33. Re5 Rxd4 34. Rxf5 Kg6 35. Rg5+ Kh6 36. Kf1 f6 37. Rg8 $1 Rxb4 38. Ke2 d4 39. Kd3 Rb3+ 40. Ke2 Rb2+ 41. Kd3 (41. Kf3 $11) 41... Rxf2 $17 42. Kxd4 {[#]} Rf3 (42... Re2 $1 $17) 43. Ke4 {[#]} (43. Rh8+ $1 $11 Kg6 44. Ke4) 43... Rb3 (43... Kh7 $1 $17 {[%cal Rh7g8]} 44. Rb8 Rxg3) 44. Kf4 Rb1 45. Kf3 b4 46. Rb8 b3 47. Rb5 Kg6 48. Kf2 b2 49. Kg2 $1 Kf7 50. Rb6 Ke7 51. Kh2 Kd7 52. Kg2 Kc7 53. Rb3 Kc6 54. Rb8 Kc5 55. Rc8+ Kd4 56. Rd8+ Ke4 57. Re8+ $1 Kf5 58. Rb8 Ke6 59. Rb5 Kd6 {aiming for ...f5!} 60. Rb8 Kc7 (60... Kc5 $5 61. g4 $8 hxg4 $11) 61. Rb3 Kc6 62. Rb8 Kd6 63. Rb3 Ke6 (63... Kc7 $5 64. g4 $8 hxg4 $15) 64. Rb5 Kd6 65. Rb8 Kd5 66. Rd8+ Ke4 67. Re8+ Kf5 {( -> ...Ra1)} 68. Rb8 Kg6 69. Rb7 Kf5 {Threatens to win with ...Ke5.} 70. Rb5+ Kg6 {White must now prevent ...f5.} 71. Rb4 Kf5 72. Rb8 Ke6 {Strongly threatening ...f5.} 73. Rb7 $2 (73. Rb5 $1 $11 f5 74. Kh2) 73... Ke5 {...f5 is the strong threat.} 74. Rb8 Kd6 {And now ...f5 would win.} 75. Rb3 $1 Ke6 $2 {Precision: White = 55%, Black = 53%.} (75... f5 $19 76. Rb5 Ke6) 1/2-1/2

[Event "5th Nebesna Sotnya Blitz 2018"]
[Site "Lutsk"]
[Date "2018.02.16"]
[Round "13"]
[White "Ianov, Viktor"]
[Black "Mirzoev, Emil"]
[Result "1-0"]
[WhiteElo "2292"]
[BlackElo "2405"]
[Annotator "TA"]
[PlyCount "81"]
[EventDate "2018.??.??"]
[EventType "swiss"]
[EventCountry "UKR"]
[SourceTitle "playchess.com"]
[Source "ChessBase"]
[SourceQuality "1"]

{[%evp 13,81,-37,-20,-39,-41,-44,-41,-56,-50,-57,-53,-49,-42,-59,-32,-50,-52,-56,-49,-84,-85,-94,-87,-131,-123,-113,-62,-64,-65,-84,-70,-45,0,0,0,0,0,-334,-300,-355,-343,-615,-402,-385,-373,-374,-337,-469,-433,-412,-374,-385,-362,-682,-625,-496,-26,-51,-96,-95,0,-73,-69,-240,-263,-633,-324,-314,0,0]} 1. Nf3 g6 2. g3 Bg7 3. Bg2 e5 4. d3 d5 {[%cal Bd7d5,Bd5d4][%mdl 32]} 5. O-O Ne7 6. e4 O-O 7. Nc3 c6 {LiveBook: 7 Games} 8. Re1 {Black should prevent exd5. A07: Réti Opening: New York and Capablanca Systems} (8. h3 h6 9. Kh2 Be6 10. d4 dxe4 11. Nxe4 exd4 12. Bf4 Bd5 13. Re1 Nd7 14. Nxd4 Bxe4 15. Bxe4 Nc5 {½-½ (33) Vajda,L (2597)-Sengupta,D (2572) Parramatta 2012}) 8... d4 9. Nb1 c5 10. a4 $146 {Black is slightly better.} ({Predecessor:} 10. Nh4 Nec6 11. a4 Be6 12. Na3 Nd7 13. Rf1 a6 14. Bd2 Bf6 15. Nf3 Rb8 {½-½ (42) Weiermann,A (2260)-Hermesmann,H (2295) Germany 1993}) 10... Nbc6 11. Nbd2 h6 12. Nc4 Be6 13. b3 b6 {[%cal Bb7b6,Bb6b5][%mdl 32]} 14. Bd2 a6 15. Qc1 Kh7 16. h4 b5 17. Na3 Rb8 18. h5 g5 19. Nh2 Nb4 (19... Qd7 $17 20. Qd1 Kg8) 20. Qd1 Qd7 21. Bf3 bxa4 22. bxa4 Qxa4 {aiming for ...Na2.} 23. Bg4 $1 Qd7 24. Nc4 Nec6 25. f4 $2 {[%mdl 8192]} (25. Bxe6 $11 {and White stays safe.} Qxe6 26. Bxb4 Nxb4 27. Qe2) 25... Bxg4 $19 26. Nxg4 {[#]} Nxc2 $1 {[%mdl 512]} 27. Ngxe5 $2 (27. f5 Nxa1 28. Qxa1) (27. Qxc2 Qxg4) 27... Bxe5 28. Qxc2 gxf4 29. Nxe5 Nxe5 30. Rf1 fxg3 31. Rf5 f6 32. Rxa6 Qb5 33. Raxf6 $2 (33. Ra7+ Rb7 34. Rxb7+ Qxb7 35. Qxc5) 33... Rxf6 34. Rxf6 Qxd3 $2 (34... Qb1+ $19 35. Qxb1 Rxb1+ 36. Kg2 Rb2 37. Rxh6+ Kg7) 35. Rxh6+ $11 Kg7 36. Rg6+ Kh7 (36... Kf7 $17 37. Qxd3 Nxd3 38. Rxg3 c4) 37. Qxd3 (37. Rh6+ $1 $11 Kg8 38. Rg6+ Kf7 39. Qxd3 Nxd3 40. Rxg3) 37... Nxd3 $17 38. Rxg3 $2 (38. Rh6+ $15 Kg8 39. Rg6+ Kh7 40. Rh6+ Kg7 41. Rc6) 38... c4 $19 {[#] White must now prevent ...Rb1+.} 39. Ba5 $2 (39. Bg5 Rf8 40. Bd2) 39... Rb5 40. Bc7 c3 $2 ({Resist} 40... Rxh5 41. Bb6 $19) ({Black should try} 40... Rb1+ $19 41. Kg2 Kh6) 41. Rxd3 {[%mdl 32768] Precision: White = 47%, Black = 59%. . Loss on Time!?} 1-0

[Event "5th Nebesna Sotnya Blitz 2018"]
[Site "Lutsk"]
[Date "2018.02.16"]
[Round "13"]
[White "Snigurov, Maxim"]
[Black "Yarmysty, Mikhail"]
[Result "0-1"]
[WhiteElo "2068"]
[BlackElo "2300"]
[Annotator "TA"]
[PlyCount "64"]
[EventDate "2018.??.??"]
[EventType "swiss"]
[EventCountry "UKR"]
[SourceTitle "playchess.com"]
[Source "ChessBase"]
[SourceQuality "1"]

{[%evp 9,64,8,39,-6,-6,-6,-6,-6,0,-16,15,17,24,33,20,-27,60,-126,-126,-133,-126,-128,-125,-142,-140,-140,-47,-167,-134,-131,-132,-172,-164,-366,-332,-452,-424,-446,-422,-515,-456,-566,-559,-518,-409,-410,-408,-363,-297,-851,-605,-775,-769,-29989,-29988,-29992,-29993]} 1. e4 c5 2. b4 b6 3. bxc5 bxc5 4. Nf3 (4. Bb5 e6 5. Nf3 Qc7 6. O-O Nf6 7. d3 Be7 8. c4 O-O 9. Nc3 Ne8 10. Ba4 f5 11. e5 Bb7 {1-0 (41) Djosic,S (2296)-Nestorovic,L (2402) Banja Vrujci 2017}) 4... Nc6 5. Nc3 {[%cal Bb1c3,Bc3d5,Bd5f4][%mdl 32]} d6 6. Be2 $146 {B20: Sicilian: Unusual White 2nd moves} ({Predecessor:} 6. Bc4 Nf6 7. O-O Bg4 8. h3 Bh5 9. Bb5 Qc8 10. e5 dxe5 11. Nxe5 Bxd1 12. Rxd1 {1-0 (28) Ossa,O (2251)-Soto,H (1668) Cali 2016}) 6... g6 7. O-O Bg7 8. Rb1 {The position is equal.} Nf6 9. Nd5 Nxe4 10. Bb5 Bd7 $1 11. Re1 f5 $1 12. Nf4 {And now Bxc6 would win.} e5 {[#]} (12... O-O $11) 13. Bxc6 $2 (13. Ne6 $1 $14 {[%mdl 512] stays ahead.} Bxe6 14. Bxc6+ Bd7 15. Bxa8 Qxa8 16. Qe2) 13... Bxc6 $17 14. Ne6 Qd7 15. Nxg7+ Qxg7 16. Bb2 O-O $36 {[%mdl 2048] Keeping White busy.} 17. Qe2 Bd5 (17... Qf7 $17 18. c4 Nf6) 18. Qa6 (18. c4 $1 $15 Bb7 19. d3) 18... Qd7 19. d3 Nf6 20. Ng5 h6 21. Nh3 $2 (21. Nf3 {was the only chance.}) 21... g5 $19 22. f3 g4 23. fxg4 Nxg4 24. Bc1 Kh7 25. Bd2 Rg8 {[#] White must now prevent ...Ne3!} 26. Re2 f4 27. Bxf4 exf4 28. Nxf4 Bc6 29. Nh5 $2 (29. d4 Kh8 30. Qd3) 29... Raf8 30. Rbe1 {Hoping for Re7+.} Ne5 {[%cal Bg4e5,Be5f3,Bf3e1][%mdl 32]} 31. c3 Nf3+ 32. Kh1 Nxe1 {Precision: White = 31%, Black = 55%.} 0-1

[Event "5th Nebesna Sotnya Blitz 2018"]
[Site "Lutsk"]
[Date "2018.02.16"]
[Round "14"]
[White "Simantsev, Mikhail"]
[Black "Peng, Li Min"]
[Result "0-1"]
[WhiteElo "2486"]
[BlackElo "2320"]
[Annotator "TA"]
[PlyCount "52"]
[EventDate "2018.??.??"]
[EventType "swiss"]
[EventCountry "UKR"]
[SourceTitle "playchess.com"]
[Source "ChessBase"]
[SourceQuality "1"]

{[%evp 19,52,24,58,0,29,-26,-30,-27,-29,-35,-31,-67,-66,-60,-48,-166,-171,-174,-166,-269,-256,-249,-85,-65,-83,-276,-264,-249,-210,-397,-381,-514,-514,-571,-566]} 1. d4 Nf6 2. c4 g6 3. Nc3 d5 4. Bf4 Bg7 5. e3 c5 6. dxc5 Qa5 7. Qa4+ Qxa4 8. Nxa4 Ne4 9. f3 Bd7 {D82: Grünfeld: 4 Bf4} 10. fxe4 Bxa4 {LiveBook: 18 Games} 11. exd5 (11. cxd5 $14 Bxb2 12. Rb1 Bc3+ 13. Kf2) (11. cxd5 Bxb2 12. Rb1 Bc3+ 13. Kf2 Nd7 14. Bb5 Bxb5 15. Rxb5 a6 16. Rxb7 Nxc5 17. Rc7 Nxe4+ {½-½ (58) Dragun,K (2586)-Fier,A (2628) Biel 2015}) 11... Nd7 $146 {The position is equal.} ({Predecessor:} 11... Bxb2 12. Rb1 Bc3+ 13. Kf2 Na6 14. Ne2 Bg7 15. Rxb7 Nxc5 16. Rb8+ Kd7 17. Rxa8 Rxa8 {1-0 (52) Dzevlan,M (2447)-Von Bahr,O (2350) Sweden 2001}) 12. Nf3 ({Better is} 12. Rb1 Bc2 13. Rc1) 12... Bxb2 $11 13. Rb1 Bc3+ 14. Kf2 Nxc5 15. Be5 Bxe5 16. Nxe5 f6 17. Nd3 ({White must play} 17. Nf3 $1 $15) 17... Bc2 $19 18. Nxc5 Bxb1 19. Nxb7 (19. Be2 $142 Bf5 20. Nxb7) 19... Bxa2 20. Bd3 Rc8 $2 {[#]} (20... Rb8 $19 {is more deadly.} 21. Na5 Rb2+ 22. Kf3 Kd7) 21. Ra1 $17 Rb8 $1 {aiming for ...Bxc4.} ({Much worse is} 21... Bxc4 $6 22. Rc1 $14) 22. Nc5 $2 (22. Rxa2 $17 {is the only way for White.} Rxb7 23. c5) 22... Rb2+ $19 23. Kf3 Kf7 24. Na4 $2 {[#]} (24. e4) 24... Rd2 25. Bf1 Rc8 26. e4 Bxc4 {Precision: White = 15%, Black = 63%.} 0-1

[Event "5th Nebesna Sotnya Blitz 2018"]
[Site "Lutsk"]
[Date "2018.02.16"]
[Round "14"]
[White "Bortnyk, Mykola"]
[Black "Budnikov, Oleg"]
[Result "1-0"]
[WhiteElo "2432"]
[BlackElo "2422"]
[Annotator "TA"]
[PlyCount "49"]
[EventDate "2018.??.??"]
[EventType "swiss"]
[EventCountry "UKR"]
[SourceTitle "playchess.com"]
[Source "ChessBase"]
[SourceQuality "1"]

{[%evp 13,49,2,0,0,0,0,0,0,0,0,0,-44,-31,-37,0,-10,-6,-9,-6,-24,0,-24,0,0,382,390,760,743,764,739,736,713,2128,2071,29996,29997,29997,697]} 1. e4 c5 2. c3 e6 3. d4 d5 4. exd5 exd5 5. Be3 cxd4 6. Bxd4 Nc6 7. Bb5 a6 {LiveBook: 10 Games. B22: Sicilian: 2 c3} (7... Nf6 8. Bxf6 gxf6 9. Nf3 Qe7+ 10. Qe2 Rg8 11. Qxe7+ Bxe7 12. g3 a6 13. Be2 Bh3 14. Nbd2 O-O-O 15. Nb3 {½-½ (47) Daghli,A (2261)-Shirov,A (2648) Hamedan 2017}) 8. Bxc6+ bxc6 9. Nf3 c5 {The position is equal.} 10. Be5 f6 $146 ({Find the theoretical novelty and annotate with similar games:} 10... Be6 11. O-O Nf6 12. Bxf6 Qxf6 13. Qa4+ Bd7 14. Qb3 Qd6 15. Re1+ {½-½ (26) Lemmers,O (2415)-Hausrath,D (2446) Antwerp 2000}) 11. Bf4 Ne7 12. Qe2 Kf7 13. O-O Ng6 14. Bg3 h5 {aiming for ...h4.} 15. h4 Bd6 16. Qd3 Be6 17. Nbd2 Re8 18. Rae1 {Threatens to win with Rxe6!} Ne7 $2 {[%mdl 8192]} (18... Nf4 $11 19. Bxf4 Bxf4) 19. Bxd6 $18 Qxd6 $2 {[#]} (19... Bf5 20. Rxe7+ Qxe7) 20. Ne4 $1 {[%mdl 512]} Qb6 {[#]} (20... dxe4 21. Qxd6) 21. Neg5+ $1 {[%mdl 512]} fxg5 22. Nxg5+ Kf8 23. Rxe6 Qb5 24. Qf3+ Kg8 25. Qf7+ {Precision: White = 74%, Black = 41%.} 1-0

[Event "5th Nebesna Sotnya Blitz 2018"]
[Site "Lutsk"]
[Date "2018.02.16"]
[Round "14"]
[White "Mirzoev, Emil"]
[Black "Bernadskiy, Vitaliy"]
[Result "0-1"]
[WhiteElo "2405"]
[BlackElo "2588"]
[Annotator "TA"]
[PlyCount "106"]
[EventDate "2018.??.??"]
[EventType "swiss"]
[EventCountry "UKR"]
[SourceTitle "playchess.com"]
[Source "ChessBase"]
[SourceQuality "1"]

{[%evp 9,105,34,38,39,51,45,79,78,68,85,81,70,77,77,96,89,104,99,99,101,111,97,119,78,78,84,84,43,80,21,39,45,68,0,1,3,34,14,82,-36,-37,-111,-112,-210,-213,-200,-172,-182,-117,-223,-206,-210,-214,-207,-201,-220,-210,-214,-209,-227,-218,-233,-217,-231,-224,-214,-225,-204,-131,-91,-60,-639,-140,-269,-210,-356,-352,-450,-397,-745,-719,-1451,-665,-29991,-29988,-29996,-1156,-29997,-1092,-1092,-759,-758,-757,-29966,-29958,-29994,-29995,-29999]} 1. d4 d5 2. c4 e6 3. Nc3 Ne7 4. Nf3 Nbc6 5. cxd5 exd5 6. Bf4 {D07: Queen's Gambit: Chigorin Defence} a6 7. e3 g6 8. Be2 {White is better.} Bg7 9. O-O O-O 10. a3 $146 ({Predecessor:} 10. Rc1 h6 11. h3 b6 12. a3 Bb7 {½-½ (43) Lupulescu,C (2637)-Bernadskiy,V (2562) Abu Dhabi 2017}) 10... h6 11. h3 b6 12. b4 Bb7 13. Qb3 Nf5 {[%cal Be7f5,Bf5d6,Bd6c4][%mdl 32]} 14. Rfc1 Nce7 15. Bh2 Nd6 16. a4 c6 17. Bd3 b5 18. axb5 cxb5 19. Be5 (19. Ne1 $16) 19... Nc4 20. Bxg7 Kxg7 21. Ra2 ({White should try} 21. Ne1 $14) 21... Qd6 $11 22. Ne2 Rac8 23. Re1 f5 (23... Nc6 $11) 24. Qb1 (24. h4 $16) 24... Nc6 $15 25. Ng3 (25. Bxc4 $15 dxc4 26. Rb2) 25... Nxb4 $17 26. Rae2 (26. Ra1 $17 {was the only defense.}) 26... Nxd3 27. Qxd3 b4 $36 {[%mdl 2048] Black is on the roll.} 28. h4 Qe6 (28... h5 $19 {Hoping for ...a5.} 29. Ra2 a5) 29. Nd2 (29. Ra2 $17 {was called for.}) 29... Bc6 $19 30. Nb3 Bb5 31. Nc5 Qf6 32. Qb1 a5 33. Ra2 Rce8 34. h5 {and the idea hxg6 leaves White hopeful.} g5 35. Nf1 Qf7 36. Nh2 Qxh5 37. Rxa5 Nxa5 38. Qxb4 Bc4 {White must now prevent ...f4.} 39. Qxa5 f4 40. Qb6 $2 {[%mdl 8192]} (40. exf4 $15 Rxe1+ 41. Qxe1) 40... Qg6 $2 (40... fxe3 $19 41. fxe3 Qh4) 41. Qb7+ (41. Qxg6+ $17 Kxg6 42. Ng4) 41... Qf7 42. Qb2 (42. Ng4 $142) 42... fxe3 43. fxe3 Qf5 44. Nf3 $2 (44. Qd2) 44... g4 45. Ne5 {[#]} g3 (45... Rxe5 $142 $1 {[%mdl 512]} 46. dxe5 g3 47. Ne6+ Qxe6) 46. Qb7+ Kg8 47. Qb1 Qf2+ 48. Kh1 Qf1+ (48... Rf5 $142 49. Qd1 {[#]} Rh5+ $1 {[%mdl 512]} 50. Qxh5 Qxe1#) 49. Rxf1 Rxf1+ 50. Qxf1 Bxf1 51. Kg1 Bc4 {Black mates.} 52. Ncd7 Ra8 {[%cal Ra8a1]} 53. Nxc4 Ra1# {Precision: White = 31%, Black = 54%.} 0-1

[Event "5th Nebesna Sotnya Blitz 2018"]
[Site "Lutsk"]
[Date "2018.02.16"]
[Round "14"]
[White "Grekh, Andrey"]
[Black "Sergeev, Vladimir"]
[Result "0-1"]
[WhiteElo "2400"]
[BlackElo "2414"]
[Annotator "TA"]
[PlyCount "78"]
[EventDate "2018.??.??"]
[EventType "swiss"]
[EventCountry "UKR"]
[SourceTitle "playchess.com"]
[Source "ChessBase"]
[SourceQuality "1"]

{[%evp 22,78,0,-14,45,34,58,49,43,49,62,39,51,-21,67,46,35,-131,-141,-169,-146,-207,-108,-105,-114,-281,-276,-275,-276,-283,-273,-281,-279,-281,-294,-381,-308,-357,-335,-405,-407,-436,-423,-635,-635,-635,-633,-620,-608,-752,-715,-1384,-1372,-1318,-818,-1251,-758,-714,-686]} 1. Nf3 Nf6 2. g3 d5 3. Bg2 c6 4. O-O Bg4 5. d4 e6 6. Nbd2 Nbd7 7. Re1 Be7 8. h3 {D02: 1 d4 d5 2 Nf3 sidelines, including 2...Nf6 3 g3 and 2...Nf6 3 Bf4} (8. e4 O-O 9. e5 Ne8 10. c3 c5 11. dxc5 Nxc5 12. Nb3 Nc7 13. Be3 b6 14. Nbd4 Qd7 15. b4 Ne4 16. Qd3 {½-½ (75) Gabuzyan,H (2571)-Dreev,A (2653) chess.com INT 2018}) 8... Bh5 9. e4 O-O 10. e5 Ne8 11. c3 {[%cal Bc2c3,Bc3d4][%mdl 32]} Nc7 12. Nf1 {LiveBook: 3 Games} Bxf3 $146 (12... h6 $11) ({Predecessor:} 12... c5 13. g4 Bg6 14. Ng3 b5 15. g5 c4 16. Bd2 a5 17. Bf1 b4 {0-1 (40) Jeremic,V (2523)-Logothetis,S (2300) Kavala 2007}) 13. Qxf3 $14 c5 14. Be3 cxd4 15. cxd4 Nb8 16. Rac1 Nc6 17. Nh2 (17. Qd1 $14) 17... Nb5 (17... Nb4 $1 $11) 18. Red1 Rc8 19. Bf1 $2 {[#]} (19. Qg4 $14 {keeps the upper hand.}) 19... Nbxd4 $1 $17 {[%mdl 512]} 20. Qf4 (20. Rxd4 Nxd4) 20... Nf5 21. Bd2 (21. h4 $17) 21... h6 (21... f6 $19 22. Nf3 Qb6) 22. Bd3 Bg5 $36 {[%mdl 2048] Black is in control.} 23. Qg4 $2 (23. Qa4 $17 {was the only defense.}) 23... Bxd2 $19 24. Rxd2 Nxe5 25. Rxc8 Qxc8 26. Qd1 Nxd3 27. Rxd3 Qc4 28. Ng4 d4 29. Ne5 Qd5 30. Qe2 Rc8 31. Rd1 d3 {Black is clearly winning.} 32. Nxd3 (32. Qe1 $142 Nxg3 33. fxg3) 32... Nd4 33. Qe3 Nf3+ 34. Kf1 b6 35. b3 {and the idea Nb2 leaves White hopeful.} Rc2 36. Nb2 Nd2+ 37. Ke1 Qh1+ 38. Ke2 Nc4+ 39. Kd3 {[#]} Qxd1+ $1 {[%mdl 512] Precision: White = 22%, Black = 51%.} 0-1

[Event "5th Nebesna Sotnya Blitz 2018"]
[Site "Lutsk"]
[Date "2018.02.16"]
[Round "14"]
[White "Roshka, Yevgeniy"]
[Black "Golubka, Petro"]
[Result "1/2-1/2"]
[WhiteElo "2358"]
[BlackElo "2503"]
[Annotator "TA"]
[PlyCount "128"]
[EventDate "2018.??.??"]
[EventType "swiss"]
[EventCountry "UKR"]
[SourceTitle "playchess.com"]
[Source "ChessBase"]
[SourceQuality "1"]

{[%evp 9,128,32,35,36,39,38,46,21,31,0,4,8,4,6,23,0,33,22,26,0,0,0,0,-8,7,-7,52,53,391,390,436,423,493,486,506,504,527,536,516,516,497,427,410,420,411,274,271,263,261,261,288,281,272,281,301,299,294,304,304,297,332,331,321,319,324,312,337,314,352,347,338,333,345,312,316,318,352,346,392,337,424,402,510,500,679,633,951,930,897,167,154,72,66,8,8,0,0,0,0,0,0,0,0,0,0,0,0,0,0,0,0,0,0,0,0,0,0,0,0,0,0]} 1. e4 c6 2. d3 d5 3. Nd2 a6 (3... e5 4. Ngf3 Bd6 5. d4 exd4 6. exd5 Nf6 7. Nc4 Bb4+ 8. Bd2 Bxd2+ 9. Qxd2 cxd5 10. Nce5 O-O 11. O-O-O Nc6 12. Nxc6 bxc6 13. Qxd4 Bg4 14. Bd3 {1-0 (38) Carlsen,M (2832)-So,W (2815) chess.com INT 2017}) 4. Ngf3 g6 $146 ({Predecessor:} 4... Bg4 5. g3 e6 6. Bg2 Nf6 7. O-O Be7 8. Qe1 O-O 9. h3 Bh5 10. Nh2 dxe4 11. dxe4 {0-1 (44) Kagramanianz,V (2166)-Hamitevici,V (2399) Chervonograd 2008}) 5. g3 Bg7 6. Bg2 {B10: Caro-Kann: 2 d3 and 2 c4} e5 7. O-O Ne7 8. Re1 {White is slightly better.} d4 9. a4 c5 10. a5 Nbc6 11. Nc4 Be6 12. Bd2 h6 13. Rf1 O-O 14. Nh4 Bxc4 15. dxc4 d3 16. Be3 $36 {[%mdl 2048] White fights for an advantage.} dxc2 17. Qxc2 Nxa5 (17... b6 $11) 18. Bxc5 $14 {[#] Rfd1 is the strong threat.} Nec6 $2 {[%mdl 8192]} (18... Nac6 $14) 19. b4 $18 Nd4 20. Bxd4 $1 exd4 21. Rxa5 d3 22. Qd2 Rc8 23. Rd5 Qb6 24. Qxd3 Qxb4 25. Rb1 Qxc4 26. Qxc4 Rxc4 27. Bf1 Rc7 28. Ng2 b5 29. Rd6 Ra8 30. Ne3 Bf8 31. Rd2 b4 32. Nd5 Rb7 33. Ra2 a5 {If Black can now play ...a4 this consolidates a bit.} 34. Ra4 Kg7 35. Bc4 Raa7 36. Bb3 Rb5 37. Kf1 h5 38. Ke2 Rb8 39. Rba1 Rb5 40. Rc1 Rb8 41. Rc7 Rxc7 42. Nxc7 Rc8 43. Nd5 ({Weaker is} 43. Rxa5 Rxc7 44. Rd5 Bc5 $11) 43... Rc5 44. Ra2 h4 45. gxh4 Bd6 46. f4 Rc1 47. e5 Bc5 48. Rxa5 Bg1 49. Nxb4 $2 {[#]} (49. Nf6 {And now Ra8 would win.} Rc3 50. Bd5) 49... Rb1 50. Nd5 (50. Bxf7 $142 {Threatens to win with Nd5.} Rxb4 51. e6) 50... Rxb3 $16 {[%mdl 4096] Endgame KRB-KRN} 51. Ra8 ({Better is} 51. h5 $14) 51... Bxh2 $11 {The position is equal.} 52. Nf6 Bxf4 53. Rg8+ Kh6 54. Rh8+ Kg7 55. Rg8+ Kh6 56. Rh8+ Kg7 57. Rh7+ Kf8 58. Rh8+ Kg7 59. Rh7+ Kf8 60. Rh8+ Kg7 61. Rg8+ Kh6 62. Rh8+ Kg7 63. Rh7+ Kf8 64. Rh8+ Kg7 {Precision: White = 61%, Black = 40%.} 1/2-1/2

[Event "5th Nebesna Sotnya Blitz 2018"]
[Site "Lutsk"]
[Date "2018.02.16"]
[Round "14"]
[White "Buksa, Nataliya"]
[Black "Matviishen, Viktor"]
[Result "1-0"]
[WhiteElo "2357"]
[BlackElo "2439"]
[Annotator "TA"]
[PlyCount "89"]
[EventDate "2018.??.??"]
[EventType "swiss"]
[EventCountry "UKR"]
[SourceTitle "playchess.com"]
[Source "ChessBase"]
[SourceQuality "1"]

{[%evp 12,89,51,45,59,62,58,53,132,77,79,72,76,68,66,50,44,34,116,54,88,90,95,85,84,77,95,79,124,118,119,129,160,154,209,205,686,191,200,169,191,162,183,172,164,162,243,229,389,400,389,387,577,380,356,380,382,329,337,365,362,349,385,299,397,370,504,437,1828,1524,5152,1244,493,1229,1723,993,1177,887,12841,12841]} 1. d4 Nf6 2. Nc3 d5 3. Bf4 c5 4. e3 a6 (4... cxd4 5. exd4 a6 6. Nf3 Bg4 7. h3 Bxf3 8. Qxf3 Nc6 9. O-O-O e6 10. g4 Bd6 11. Kb1 Bxf4 12. Qxf4 Rc8 13. h4 {0-1 (38) Nabaty,T (2657)-Jones,G (2654) London 2017}) 5. dxc5 Nc6 6. a3 {D00: 1 d4 d5: Unusual lines} e5 7. Bg5 {LiveBook: 4 Games} Be6 8. b4 {White is slightly better.} Be7 9. Nf3 d4 $146 (9... O-O $14) ({Predecessor:} 9... O-O 10. Be2 Qd7 11. O-O Rad8 {1-0 (61) Tran,M (2370)-Le,H (2160) Bac Giang 2016}) 10. Bxf6 (10. exd4 $142 {And now Bxf6 would win.} exd4 11. Bxf6 Bxf6 12. Ne4) 10... Bxf6 $16 11. Ne4 O-O 12. Nxf6+ Qxf6 13. Bd3 dxe3 14. fxe3 Rad8 ({Better is} 14... e4 $14 15. Bxe4 Rad8) 15. e4 ({White should play} 15. O-O $16) 15... Nd4 16. O-O {[#] Black must now prevent Nxd4.} Nxf3+ 17. Rxf3 Qe7 {White should prevent ...Bg4.} 18. Qe1 a5 19. Qe3 axb4 20. axb4 Ra8 21. Rff1 Qd7 22. h3 f6 (22... h6 $16 23. Be2 Qc7) 23. Kh2 $18 Ra4 $2 {[#]} (23... Rac8 24. Rfd1 Qc7) 24. Qd2 $2 (24. c6 $1 {[%mdl 512]} Qxc6 (24... bxc6 25. Rxa4) 25. b5 Rxa1 26. bxc6 Rxf1 27. Bxf1 bxc6 28. Qb6) 24... Rfa8 25. Qc3 Qd4 26. Qxd4 exd4 27. Rxa4 Rxa4 {[%mdl 4096] Endgame KRB-KRB} 28. b5 Kf7 (28... Ra8 $142 29. e5 fxe5) 29. e5 $1 Ke7 $2 (29... Bc4 {was worth a try.} 30. b6 Bxd3 31. cxd3 Ke6) 30. exf6+ gxf6 31. Bxh7 Rc4 (31... Bc4 $142) 32. c6 bxc6 33. Bd3 Rb4 34. bxc6 Rb6 35. Rf4 Rxc6 36. Rxd4 Rc5 37. h4 Kf7 38. g4 Re5 39. Kg3 {White is clearly winning.} Re1 (39... Re3+ $142 40. Kf4 Re1) 40. Bc4 Rg1+ 41. Kf3 (41. Kf2 $142 Bxc4 42. Kxg1) 41... Bxc4 42. Rxc4 Ke6 43. Re4+ Kd5 44. c4+ Kc5 45. Rf4 {Precision: White = 63%, Black = 20%.} 1-0